Statistics for Denver Nuggets 2017-18 Most Games Leading Team in Scoring

Click here to take the quiz!

General Stats

  • This quiz has been taken 54 times
  • The average score is 5 of 9

Answer Stats

PlayerGames% Correct
Nikola Jokic24
100%
Jamal Murray17
96%
Paul Millsap6
70%
Will Barton12
64%
Gary Harris20
60%
Wilson Chandler3
36%
Kenneth Faried2
32%
Emmanuel Mudiay1
23%
Trey Lyles4
19%

Score Distribution

Percentile by Number Answered

Percent of People with Each Score

Your Score History

You have not taken this quiz